000 00417nam a22001337a 4500
082 _a388.114
_bUND
100 _aAASHTO
245 _aUnderstanding the Highway finance evoution / revolution
260 _awashington D.C.
_bAmerican Association of State Highway and Transportation
_c1987
300 _a241 p.:
_billus,
_c27 CM.
526 _a0
_b0
_c0
_d388_114000000000000_UND
650 _aMCE
_9379
942 _2ddc
_cBK
999 _c543277
_d543277